| 000 | 00559nam a22001337a 4500 | ||
|---|---|---|---|
| 040 | _cRUA | ||
| 082 | _aAGR SO 2015 B474 Or.1 | ||
| 100 | _aSO DARA; សូរ ដារ៉ា | ||
| 245 | _aThe comporison of natural fertrilizers and biochars on cucumber yield, ការប្រៀបធៀបប្រភេទជីធម្មជាតិ និងធ្យូងអង្កាមទៅលើទិន្នផលដំណាំត្រសក់ | ||
| 260 |
_aPhnom Penh _bRUA _c2015 |
||
| 300 |
_ax,48p. _bill. _c29cm. |
||
| 856 | _u SO DARA | ||
| 942 | _cAGR | ||
| 999 |
_c8068 _d8068 |
||